5HLuxD.jpg

KING HENRY VIII SENIOR AND PRIMARY SCHOOL LIBRARY OPAC

The nutcracker mice / (Record no. 3931)

000 -LEADER
fixed length control field 01069nam a22002417a 4500
005 - DATE AND TIME OF LATEST TRANSACTION
control field 20241122083024.0
008 - FIXED-LENGTH DATA ELEMENTS--GENERAL INFORMATION
fixed length control field 241122b ||||| |||| 00| 0 eng d
020 ## - INTERNATIONAL STANDARD BOOK NUMBER
International Standard Book Number 9781536215762
040 ## - CATALOGING SOURCE
Transcribing agency KH8
082 ## - DEWEY DECIMAL CLASSIFICATION NUMBER
Classification number FIC KLA
100 ## - MAIN ENTRY--PERSONAL NAME
Personal name Kladstrup, Kristin
Relator term Author
245 ## - TITLE STATEMENT
Title The nutcracker mice /
Statement of responsibility, etc. Kristin Kladstrup
250 ## - EDITION STATEMENT
Edition statement First paperback edition
260 ## - PUBLICATION, DISTRIBUTION, ETC.
Place of publication, distribution, etc. Massachusetts,
Name of publisher, distributor, etc. Candlewick Press, Somerville,
Date of publication, distribution, etc. 2020
300 ## - PHYSICAL DESCRIPTION
Extent 316 pages :
Other physical details illustrations ;
Dimensions 21 cm
520 ## - SUMMARY, ETC.
Summary, etc. Behind the walls of Saint Petersburg's famous theater, Esmeralda has won the lead role in the Russian Mouse Ballet Company's new ballet, to be staged at Christmastime alongside the human performance. But when Esmeralda learns that The Nutcracker features mice as villains, she worries that the city's ballet-loving mice won't come to see it. Will her first appearance onstage be her last?
521 ## - TARGET AUDIENCE NOTE
Target audience note Ages 7-10.
650 ## - SUBJECT ADDED ENTRY--TOPICAL TERM
Topical term or geographic name entry element Ballet
650 ## - SUBJECT ADDED ENTRY--TOPICAL TERM
Topical term or geographic name entry element Ballet
Form subdivision Fiction
650 ## - SUBJECT ADDED ENTRY--TOPICAL TERM
Topical term or geographic name entry element Children's stories
700 ## - ADDED ENTRY--PERSONAL NAME
Personal name Helquist, Brett
Relator term Illustrator
942 ## - ADDED ENTRY ELEMENTS (KOHA)
Source of classification or shelving scheme
Koha item type Books - Fiction
Holdings
Withdrawn status Lost status Source of classification or shelving scheme Damaged status Not for loan Collection code Permanent Location Current Location Shelving location Date acquired Total Checkouts Full call number Barcode Date due Date last seen Date last checked out Price effective from Koha item type
          Fiction KH8 Primary School Library KH8 Primary School Library Fiction 2024-11-22 3 FIC KLA KHPL000004626 2026-04-23 2026-04-15 2026-04-15 2024-11-22 Books - Fiction

Powered By KH8 IT Dept